000 00785nam a22002417a 4500
001 13065
003 HDC
007 cr bn ---
008 210212 my |0 eneng
040 _aHDC
245 0 _aIndustry Fact Book :
_bInnovating for Healthier, Economically vibrant Nation
260 _aMalaysia :
_bPhama,
_c[no year]
300 _a25 pages
336 _atext
_2rdacontent
337 _acomputer
_2rdamedia
338 _aonline resource
_2rdacarrier
650 _aHealth
_94234
650 _aPharmaceutical Industry
_9799
856 _zRequest full-text at [email protected]
942 _2lcc
942 _cEBOOK
942 _kEBOK 002037
999 _c10381
_d10381